[Event "Bosnjaci op 28th"]
[Site "Bosnjaci"]
[Date "2024.01.07"]
[Round "7"]
[White "Bobanac, Miro"]
[Black "Maravic, Ivan"]
[Result "1-0"]
[WhiteElo "2238"]
[BlackElo "1991"]
[PlyCount "179"]
[EventDate "2024.01.03"]
[EventType "swiss"]
[EventRounds "9"]
[EventCountry "CRO"]
[SourceTitle "CB02_2024"]
[SourceDate "2024.01.10"]
[SourceVersion "1"]
[SourceVersionDate "2024.01.10"]
[SourceQuality "1"]

1. Nf3 Nf6 2. c4 g6 3. g3 Bg7 4. Bg2 0-0 5. 0-0 d6 6. Nc3 e5 7. d3 c6 8. Rb1 a5 9. a3 Re8 10. b4 axb4 11. axb4 d5 12. Bg5 h6 13. Bxf6 Bxf6 14. Qc2 Be6 15. Nd2 dxc4 16. Nxc4 Bxc4 17. dxc4 Qe7 18. Ne4 Na6 19. c5 Nc7 20. Rfd1 Nb5 21. Qb3 Red8 22. e3 Bg7 23. Bf1 Nc7 24. Bc4 Ne8 25. b5 Kf8 26. Rxd8 Rxd8 27. bxc6 bxc6 28. Qb7 Rd1+ 29. Kg2 Rxb1 30. Qxb1 f5 31. Nd6 Nxd6 32. cxd6 Qxd6 33. Qb7 Qe7 34. Qxc6 Bf6 35. Qd5 Qg7 36. h4 h5 37. Qa8+ Ke7 38. Qa3+ Kd8 39. Qa8+ Ke7 40. Qb7+ Kf8 41. Qc8+ Ke7 42. Bb5 Qh8 43. Qd7+ Kf8 44. Bc4 Qg7 45. Qc8+ Ke7 46. Qc5+ Kd8 47. Bb5 Qe7 48. Qb6+ Kc8 49. Qc6+ Kb8 50. Ba6 Ka7 51. Bc8 Kb8 52. Bd7 Ka7 53. Qb5 Qd6 54. Bc6 Qe7 55. Qa5+ Kb8 56. Qb6+ Kc8 57. Bd5 Kd7 58. Qc6+ Kd8 59. Kh2 e4 60. Kg2 Qg7 61. Qd6+ Ke8 62. Qb8+ Ke7 63. Qc8 Kd6 64. Qe6+ Kc7 65. Qe8 Kd6 66. Bf7 g5 67. hxg5 Bxg5 68. Qe6+ Kc7 69. Bxh5 Qf6 70. Qd5 Bh6 71. Bf7 Bg5 72. Be6 f4 73. exf4 Bxf4 74. gxf4 Qxf4 75. Qf5 Qh4 76. Qg4 Qh7 77. Bf5 Qh6 78. Bxe4 Qd2 79. Kg3 Qc3+ 80. f3 Qe1+ 81. Kf4 Qd2+ 82. Kf5 Qd7+ 83. Kg5 Qg7+ 84. Kh4 Qh6+ 85. Kg3 Qh1 86. Qg7+ Kb6 87. Qd4+ Kb5 88. f4 Qe1+ 89. Kg4 Qd1+ 90. Qxd1 1-0

[Event "Konjic op 12th"]
[Site "Konjic"]
[Date "2023.03.04"]
[Round "6"]
[White "Buljubasic, Sabahudin"]
[Black "Maravic, Ivan"]
[Result "1-0"]
[WhiteElo "2276"]
[BlackElo "2027"]
[PlyCount "77"]
[EventDate "2023.03.01"]
[EventType "swiss"]
[EventRounds "7"]
[EventCountry "BIH"]
[SourceTitle "CBM 213 Extra"]
[Source "ChessBase"]
[SourceDate "2023.05.31"]
[SourceVersion "1"]
[SourceVersionDate "2023.05.31"]
[SourceQuality "1"]

1. e4 e5 2. Nf3 Nc6 3. Bc4 Nf6 4. d3 Be7 5. 0-0 0-0 6. Re1 d6 7. a4 Na5 8. Ba2 c5 9. Nbd2 Nc6 10. h3 Be6 11. Bc4 h6 12. c3 a6 13. Bxe6 fxe6 14. Nf1 Rb8 15. Ne3 b5 16. axb5 axb5 17. Qb3 Qd7 18. Ra6 Kh7 19. Ng4 Qb7 20. Ra2 Qd7 21. Bd2 Nh5 22. Ra6 Nf4 23. Bxf4 exf4 24. d4 h5 25. Ngh2 c4 26. Qc2 e5 27. dxe5 dxe5 28. Rd1 Qc8 29. Rxc6 Qxc6 30. Nxe5 Qa6 31. Nd7 Qa4 32. Nxf8+ Bxf8 33. Qe2 Kh6 34. Rd5 Qa1+ 35. Nf1 g6 36. Qd2 g5 37. h4 Be7 38. hxg5+ Bxg5 39. Rd6+ 1-0

[Event "Konjic op 12th"]
[Site "Konjic"]
[Date "2023.03.04"]
[Round "7"]
[White "Maravic, Ivan"]
[Black "Pehar, Borna"]
[Result "1/2-1/2"]
[WhiteElo "2027"]
[BlackElo "1910"]
[PlyCount "72"]
[EventDate "2023.03.01"]
[EventType "swiss"]
[EventRounds "7"]
[EventCountry "BIH"]
[SourceTitle "CBM 213 Extra"]
[Source "ChessBase"]
[SourceDate "2023.05.31"]
[SourceVersion "1"]
[SourceVersionDate "2023.05.31"]
[SourceQuality "1"]

1. d4 Nf6 2. Bg5 Ne4 3. Bf4 c5 4. f3 Nf6 5. dxc5 Qa5+ 6. Nc3 Nc6 7. a3 Qxc5 8. e4 e5 9. Bg5 Be7 10. Qd2 Nd4 11. Nge2 0-0 12. Nxd4 exd4 13. Bxf6 Bxf6 14. Nd5 Re8 15. Nxf6+ gxf6 16. 0-0-0 d5 17. Qxd4 Qxd4 18. Rxd4 dxe4 19. Rxe4 Rxe4 20. fxe4 Be6 21. Bd3 Rc8 22. Kd2 Kg7 23. Ke3 Rd8 24. Rd1 Re8 25. Kf4 Rd8 26. Be2 Rc8 27. c3 Rc6 28. Rd4 Kf8 29. Bg4 Ke7 30. Bf5 h5 31. Rb4 b6 32. h4 Bc4 33. g4 hxg4 34. h5 Kf8 35. h6 Kg8 36. b3 Be6 1/2-1/2

[Event "Varazdinske Toplice op"]
[Site "Varazdinske Toplice"]
[Date "2022.12.26"]
[Round "8"]
[White "Maravic, Ivan"]
[Black "Vrban, Mladen"]
[Result "1-0"]
[WhiteElo "2079"]
[BlackElo "2188"]
[PlyCount "156"]
[EventDate "2022.12.26"]
[EventType "swiss"]
[EventRounds "9"]
[EventCountry "CRO"]
[SourceTitle "CBM 211 Extra"]
[Source "ChessBase"]
[SourceDate "2023.01.31"]
[SourceVersion "1"]
[SourceVersionDate "2023.01.31"]
[SourceQuality "1"]

1. d4 f5 2. Bg5 d5 3. e3 c6 4. c4 Qb6 5. Qc2 e6 6. Nf3 Nd7 7. Be2 g6 8. h4 Nh6 9. h5 Nf7 10. Bf4 Rg8 11. hxg6 hxg6 12. Nc3 Nf6 13. Ng5 Bb4 14. Nxf7 Kxf7 15. Be5 Qa5 16. Bxf6 Kxf6 17. 0-0-0 Bxc3 18. bxc3 Bd7 19. g4 Rh8 20. f4 Rag8 21. Qb3 Bc8 22. g5+ Kf7 23. Kb2 Qd8 24. Bf3 Rxh1 25. Rxh1 Rh8 26. cxd5 exd5 27. Qd1 Kg7 28. Qe1 Be6 29. Rxh8 Qxh8 30. Qh1 Qg8 31. Qh6+ Kf7 32. Be2 Ke7 33. Bd1 Kd6 34. Be2 Bf7 35. a3 Kc7 36. Ka2 b5 37. Kb2 Kb6 38. Qh1 Qe8 39. Qf3 Qh8 40. Qg2 a5 41. Bd3 Qh4 42. Qd2 Qh1 43. Bc2 Be8 44. Bd3 Bd7 45. Bc2 Bc8 46. Bd3 Ba6 47. Ka2 a4 48. Kb2 Qg1 49. Bc2 Ka7 50. Bd3 Kb7 51. Bc2 Kb6 52. Bd3 Qh1 53. Qe2 Qh8 54. Qg2 Qe8 55. Qh3 b4 56. Bxa6 bxc3+ 57. Kxc3 Kxa6 58. Qf1+ Ka5 59. Qd3 Qb8 60. Kc2 Qb5 61. Qc3+ Kb6 62. Kd2 c5 63. dxc5+ Qxc5 64. Qf6+ Qc6 65. Qd4+ Kb5 66. Qb2+ Ka6 67. Qb4 Ka7 68. Qa5+ Kb7 69. Qb4+ Ka6 70. Qc3 Qb5 71. Qd3 Kb6 72. Qxb5+ Kxb5 73. Kc3 Kc5 74. Kd3 Kc6 75. Kd4 Kd6 76. Kd3 Kc6 77. Kc3 Kc5 78. Kd3 Kc6 1-0

[Event "EU-ch Amateur U2300"]
[Site "Zagreb"]
[Date "2022.08.20"]
[Round "8"]
[White "Maravic, Ivan"]
[Black "Jonsson, Gauti Pall"]
[Result "1/2-1/2"]
[WhiteElo "2009"]
[BlackElo "2071"]
[PlyCount "110"]
[EventDate "2022.08.14"]
[EventType "swiss"]
[EventRounds "9"]
[EventCountry "CRO"]
[SourceTitle "CBM 210 Extra"]
[Source "ChessBase"]
[SourceDate "2022.11.30"]
[SourceVersion "1"]
[SourceVersionDate "2022.11.30"]
[SourceQuality "1"]

1. d4 Nf6 2. c4 g6 3. Nc3 Bg7 4. e4 d6 5. Nf3 0-0 6. Be2 Na6 7. 0-0 e5 8. dxe5 dxe5 9. Bg5 Qxd1 10. Raxd1 c6 11. h3 Nc5 12. Bd3 Ne6 13. Be3 Nh5 14. Bc2 b6 15. Rfe1 Bb7 16. g3 Rfd8 17. Nd2 Nd4 18. Bb1 Rd7 19. b4 Rad8 20. a4 Bf8 21. Bxd4 Rxd4 22. Nf3 Rxd1 23. Rxd1 Rxd1+ 24. Nxd1 f6 25. b5 Ng7 26. Nd2 Ne6 27. Nb3 cxb5 28. axb5 Ng5 29. Nc3 Nxh3+ 30. Kf1 Ng5 31. Nd5 Kf7 32. Ke2 Ne6 33. f3 h5 34. Bd3 Bd6 35. Kf2 Ng7 36. Kg2 Ke6 37. Kf2 f5 38. g4 hxg4 39. fxg4 Bc8 40. gxf5+ gxf5 41. exf5+ Nxf5 42. Ne3 Ne7 43. Be4 Bd7 44. Ke2 Kf7 45. Nd2 Ke8 46. Nd5 Be6 47. Nxe7 Kxe7 48. Kd3 Bb4 49. Nf1 Kd6 50. Ne3 Bh3 51. Bf5 Bxf5+ 52. Nxf5+ Kc5 53. Ng3 Be1 54. Ne4+ Kb4 55. Nd6 Kc5 1/2-1/2

[Event "EU-ch Amateur U2300"]
[Site "Zagreb"]
[Date "2022.08.16"]
[Round "4"]
[White "Maravic, Ivan"]
[Black "Krikunov, Dmitry"]
[Result "0-1"]
[WhiteElo "2009"]
[BlackElo "2202"]
[PlyCount "68"]
[EventDate "2022.08.14"]
[EventType "swiss"]
[EventRounds "9"]
[EventCountry "CRO"]
[SourceTitle "CBM 210 Extra"]
[Source "ChessBase"]
[SourceDate "2022.11.30"]
[SourceVersion "1"]
[SourceVersionDate "2022.11.30"]
[SourceQuality "1"]

1. d4 Nf6 2. c4 c6 3. Nc3 d5 4. Nf3 a6 5. e3 b5 6. b3 Bg4 7. Be2 e6 8. 0-0 Bd6 9. Bb2 0-0 10. Nd2 Bf5 11. c5 Bc7 12. f4 b4 13. Na4 Ne4 14. Nxe4 Bxe4 15. a3 a5 16. Qd2 Nd7 17. Ra2 f5 18. Rfa1 Rb8 19. axb4 axb4 20. Bc1 g5 21. Nb2 gxf4 22. exf4 Nf6 23. Ra4 Qe7 24. Rxb4 Qg7 25. Bf1 Bxf4 26. Qc3 Rxb4 27. Qxb4 Bxh2+ 28. Kxh2 Ng4+ 29. Kh3 Qc7 30. g3 Qf7 31. Bg5 Qh5+ 32. Bh4 Nf2+ 33. Kh2 Qf3 34. Kg1 Ng4 0-1

[Event "EU-ch Online U16"]
[Site "Tornelo INT"]
[Date "2020.09.19"]
[Round "4"]
[White "Pham, Khoi"]
[Black "Maravic, Ivan"]
[Result "1-0"]
[WhiteElo "2128"]
[BlackElo "1721"]
[PlyCount "71"]
[EventDate "2020.09.18"]
[EventType "swiss (rapid)"]
[EventRounds "9"]
[EventCountry "NET"]
[SourceTitle "EXT 2023"]
[Source "ChessBase"]
[SourceDate "2022.10.05"]
[SourceVersion "1"]
[SourceVersionDate "2022.10.05"]
[SourceQuality "1"]
[WhiteTeam "Netherlands"]
[BlackTeam "Croatia"]
[WhiteTeamCountry "NED"]
[BlackTeamCountry "CRO"]

1. d4 Nf6 2. c4 g6 3. Nc3 Bg7 4. e4 d6 5. h3 0-0 6. Be3 c5 7. Nf3 cxd4 8. Nxd4 b6 9. Bd3 Bb7 10. h4 e6 11. h5 Qe7 12. hxg6 fxg6 13. Qc2 Ng4 14. Qe2 Nxe3 15. Qxe3 Nc6 16. Nde2 Ne5 17. f4 Nxd3+ 18. Qxd3 Rad8 19. 0-0-0 a6 20. Rhf1 Qc7 21. Kb1 b5 22. cxb5 axb5 23. Nd4 Rfe8 24. Ndxb5 Qb6 25. f5 d5 26. f6 Bxf6 27. Rxf6 dxe4 28. Qf1 Ba6 29. Rxd8 Rxd8 30. a4 e3 31. Qc4 Bc8 32. Qc7 Qxc7 33. Nxc7 Rd2 34. Nxe6 h5 35. Rf8+ Kh7 36. Rxc8 1-0

[Event "EU-ch U16"]
[Site "Bratislava"]
[Date "2019.08.02"]
[Round "1"]
[White "Carlsson, Ludvig"]
[Black "Maravic, Ivan"]
[Result "1-0"]
[WhiteElo "2234"]
[BlackElo "1934"]
[PlyCount "61"]
[EventDate "2019.08.02"]
[EventType "swiss"]
[EventRounds "9"]
[EventCountry "SVK"]
[SourceTitle "CBM 191 Extra"]
[Source "ChessBase"]
[SourceDate "2019.09.30"]
[SourceVersion "1"]
[SourceVersionDate "2019.09.30"]
[SourceQuality "1"]

1. d4 Nf6 2. c4 g6 3. Nc3 Bg7 4. e4 d6 5. Be2 0-0 6. Nf3 c5 7. d5 e6 8. 0-0 exd5 9. cxd5 Re8 10. Nd2 Nbd7 11. f4 Nb6 12. Kh1 Qe7 13. Bf3 h5 14. h3 h4 15. a4 a5 16. Ra3 Bd7 17. Qb3 Qd8 18. Nc4 Nxc4 19. Qxc4 Nh5 20. Bxh5 gxh5 21. e5 dxe5 22. f5 e4 23. f6 Bxf6 24. Nxe4 Rxe4 25. Qxe4 Bd4 26. Qf3 Qe7 27. Qxh5 Rf8 28. Bh6 Bxb2 29. Bxf8 Qxf8 30. Rb3 Qg7 31. Rxb2 1-0

[Event "CRO-ch U15"]
[Site "Trogir"]
[Date "2019.06.21"]
[Round "8"]
[White "Maravic, Ivan"]
[Black "Novosel, Lovro"]
[Result "1-0"]
[WhiteElo "1905"]
[BlackElo "1672"]
[PlyCount "123"]
[EventDate "2019.06.17"]
[EventType "swiss"]
[EventRounds "9"]
[EventCountry "CRO"]
[SourceTitle "EXT 2020"]
[Source "ChessBase"]
[SourceDate "2019.10.17"]
[SourceVersion "1"]
[SourceVersionDate "2019.10.17"]
[SourceQuality "1"]

1. d4 c5 2. dxc5 Na6 3. Nc3 Nxc5 4. e4 d6 5. Be3 Nd7 6. Nf3 Ngf6 7. Be2 e6 8. 0-0 Be7 9. Qd4 0-0 10. h3 a6 11. Rad1 Qc7 12. a4 b6 13. Nd2 Rd8 14. Nc4 Nc5 15. Bf3 e5 16. Qd2 Be6 17. Na3 Rab8 18. b4 Ncd7 19. Nd5 Bxd5 20. exd5 Rdc8 21. c4 Qb7 22. Qd3 Bf8 23. g4 Re8 24. Be4 Nxe4 25. Qxe4 Nf6 26. Qd3 h6 27. Rde1 Nh7 28. f4 e4 29. Qd4 Qd7 30. Qd1 h5 31. Kg2 hxg4 32. hxg4 f5 33. g5 g6 34. Qb3 Bg7 35. Nc2 b5 36. axb5 axb5 37. c5 dxc5 38. bxc5 Nf8 39. Nd4 Qa7 40. Nc6 Qa4 41. Qxa4 bxa4 42. Nxb8 Rxb8 43. Re2 a3 44. Ra2 Bb2 45. c6 Kf7 46. Bc5 Rb5 47. Bxa3 Bxa3 48. Rxa3 Rxd5 49. Rc1 Rd8 50. c7 Rc8 51. Rb3 Ke7 52. Rb5 Ne6 53. Re5 Kf7 54. Rc6 Nxf4+ 55. Kf1 Kf8 56. Rf6+ Kg8 57. Rc5 e3 58. Rd6 Re8 59. Re5 e2+ 60. Rxe2 Nxe2 61. Rd8 Ng3+ 62. Kg2 1-0

[Event "CRO-ch U15"]
[Site "Trogir"]
[Date "2019.06.17"]
[Round "1"]
[White "Cajner, Lukas"]
[Black "Maravic, Ivan"]
[Result "0-1"]
[WhiteElo "1419"]
[BlackElo "1905"]
[PlyCount "70"]
[EventDate "2019.06.17"]
[EventType "swiss"]
[EventRounds "9"]
[EventCountry "CRO"]
[SourceTitle "EXT 2020"]
[Source "ChessBase"]
[SourceDate "2019.10.17"]
[SourceVersion "1"]
[SourceVersionDate "2019.10.17"]
[SourceQuality "1"]

1. e4 e5 2. Nc3 Nf6 3. f4 d5 4. fxe5 Nxe4 5. d3 Qh4+ 6. g3 Nxg3 7. Nf3 Qh5 8. Nxd5 Nxh1 9. Nxc7+ Kd8 10. Nxa8 Be7 11. Be3 Bh4+ 12. Nxh4 Qxh4+ 13. Kd2 Bg4 14. Be2 Qxh2 15. Qe1 Ng3 16. Bf4 Qxe2+ 17. Qxe2 Nxe2 18. Be3 Nc6 19. c3 Kd7 20. Nb6+ axb6 21. Bxb6 Nxe5 22. Re1 Nf3+ 23. Kxe2 Nxe1+ 24. Kxe1 h5 25. d4 h4 26. b4 h3 27. d5 h2 28. c4 h1Q+ 29. Kd2 Rh2+ 30. Kc3 Qf3+ 31. Kd4 Rc2 32. Kc5 Qf4 33. Kb5 Qxc4+ 34. Ka4 Qxa2+ 35. Kb5 Be2# 0-1

[Event "EU-ch U12 25th"]
[Site "Porec"]
[Date "2015.09.28"]
[Round "7"]
[White "Koch Mueller, Oscar"]
[Black "Maravic, Ivan"]
[Result "1/2-1/2"]
[WhiteElo "1449"]
[BlackElo "1564"]
[PlyCount "35"]
[EventDate "2015.09.21"]
[EventType "swiss"]
[EventRounds "9"]
[EventCountry "CRO"]
[SourceTitle "EXT 2016"]
[Source "ChessBase"]
[SourceDate "2015.10.08"]
[SourceVersion "1"]
[SourceVersionDate "2015.10.08"]
[SourceQuality "1"]

1. e4 e5 2. f4 d5 3. Nf3 exf4 4. exd5 Bg4 5. Bc4 Bd6 6. 0-0 Ne7 7. d4 0-0 8. Nc3 a6 9. Qd3 Ng6 10. Nd2 Qh4 11. Nde4 Bf5 12. Qf3 Bg4 13. Qf2 f3 14. gxf3 Bxf3 15. Nxd6 Qg4+ 16. Qg3 Qxd4+ 17. Qf2 Qg4+ 18. Qg3 1/2-1/2

[Event "Zagreb GP U16"]
[Site "Zagreb"]
[Date "2013.06.04"]
[Round "6"]
[White "Baljak, Emma"]
[Black "Maravic, Ivan"]
[Result "0-1"]
[WhiteElo "1645"]
[BlackElo "1611"]
[PlyCount "110"]
[EventDate "2013.05.26"]
[EventType "swiss"]
[EventRounds "6"]
[EventCountry "CRO"]
[SourceTitle "CBM 154 Extra"]
[Source "ChessBase"]
[SourceDate "2013.06.25"]
[SourceVersion "2"]
[SourceVersionDate "2013.06.25"]
[SourceQuality "1"]

1. g3 Nf6 2. Bg2 g6 3. d3 Bg7 4. Nf3 0-0 5. 0-0 Nc6 6. Be3 e5 7. Nc3 d6 8. Bg5 Be6 9. Bxf6 Qxf6 10. Nb5 Rac8 11. Nd2 a6 12. Nc3 Bh6 13. Bxc6 bxc6 14. Nce4 Qe7 15. f4 d5 16. Nc3 exf4 17. e4 fxg3 18. hxg3 dxe4 19. Ndxe4 Bh3 20. Rf2 Be3 21. Kh2 Bxf2 22. Nxf2 Qe3 23. Nxh3 f5 24. Qe1 Qxe1 25. Rxe1 Rce8 26. Rxe8 Rxe8 27. Nd1 Re2+ 28. Nhf2 Rxc2 29. a4 Rd2 30. b4 Ra2 31. Kg1 Rxa4 32. Kf1 Rxb4 33. Ke2 h5 34. Ke3 g5 35. d4 Kf7 36. Nc3 Rb3 37. Ng4 Rxc3+ 38. Kd2 fxg4 39. Kxc3 h4 40. gxh4 g3 41. h5 g2 42. h6 g1Q 43. h7 Kg7 44. d5 Kxh7 45. dxc6 Qg4 46. Kd3 Kg6 47. Ke3 Kf5 48. Kd3 Ke5 49. Kc3 Kd5 50. Kb3 Kc5 51. Ka3 Kb5 52. Kb3 Qb4+ 53. Ka2 Kc4 54. Ka1 Kc3 55. Ka2 Qb2# 0-1